| 000 | 00449nam a2200133Ia 4500 | ||
|---|---|---|---|
| 005 | 20260209120136.0 | ||
| 008 | 260209s9999||||xx |||||||||||||| ||und|| | ||
| 100 | _aNeha Jain | ||
| 245 | 0 | _aIndia's energy options within the UNFCCC framework | |
| 260 |
_aBangaloreBangalore _bNLSIU _c2015 |
||
| 300 | _a92 p. ; 25 cm. | ||
| 700 | _aProf. (Dr.) M K Ramesh - GuideProf. (Dr.) M K Ramesh - Guide | ||
| 856 | _uhttps://dans.nls.ac.in/handle/123456789/1699 | ||
| 999 |
_c217219 _d217219 |
||